书目信息 |
| 题名: |
中国机读目录格式使用手册= China MARC format manual
|
|
| 作者: | 潘太明 , 朱岩 , 宋斐华 修订 | |
| 分册: | ||
| 出版信息: | 科学技术文献出版社 2001.03 |
|
| 页数: | 642页 | |
| 开本: | 20cm | |
| 丛书名: | ||
| 单 册: | ||
| 中图分类: | G254.364-62 | |
| 科图分类: | ||
| 主题词: | 图书馆学 , 图书馆事业 | |
| 电子资源: | ||
| ISBN: | 978-7-5023-3733-9 | |
| 000 | 00758nam0 2200217 45 | |
| 001 | 2060449832 | |
| 005 | 20200515164855.60 | |
| 010 | @a978-7-5023-3733-9@dRMB 85.00 | |
| 100 | @a20200515d2001 km y0chiy0120 ea | |
| 101 | 0 | @achi |
| 200 | 1 | @a中国机读目录格式使用手册= China MARC format manual@Azhong guo ji du mu lu ge shi shi yong shou ce=China MARC format manual@f潘太明, 朱岩, 宋斐华修订@Fpan tai ming,zhu yan,song fei hua xiu ding |
| 210 | @c科学技术文献出版社@d2001.03 | |
| 215 | @a642页@d20cm | |
| 606 | 0 | @a图书馆学 |
| 606 | 0 | @a图书馆事业 |
| 690 | @aG254.364-62@v4 | |
| 701 | 0 | @a潘太明@Apan tai ming@4修订 |
| 701 | 0 | @a朱岩@Azhu yan@4修订 |
| 701 | 0 | @a宋斐华@Asong fei hua@4修订 |
| 801 | 0 | @aCN@bPFT@c20200515 |
| 905 | @a10447@dG254.364-62@eP234 | |
| 中国机读目录格式使用手册= China MARC format manual/潘太明, 朱岩, 宋斐华修订.-科学技术文献出版社,2001.03 |
| 642页;20cm |
| ISBN 978-7-5023-3733-9:RMB 85.00 |
| ● |
| 相关链接 |
|
|
|
正题名:中国机读目录格式使用手册= China MARC for
索取号:G254.364-62/P234
 
预约/预借
| 序号 | 登录号 | 条形码 | 馆藏地/架位号 | 状态 | 备注 |
| 1 | 1452743 | 214527430 | 社科库409/409社科库 59排5列3层/ [索取号:G254.364-62/P234] | 在馆 |